000 00365nam a2200145Ia 4500
008 230711s9999||||xx |||||||||||||| ||und||
041 _aENG
082 _a621
_bFL-T
100 _aFlood,JE
245 0 _aTelecommunication switching traffic and networks
250 _a1st Ed.
260 _c2004
_aNew Delhi
_bPearson
650 _aMechanical Engineering
942 _cBK
999 _c4166
_d4166